Movies Quiz

Random Movies Quiz

Locations of Middle Earth Quiz Stats

 Plays Quiz not verified by Sporcle

Challenge
Share
Tweet
Embed
Score 0/40 Timer 13:00
0 Plays Today
Hint Location % Correct
Home of the hobbitsShire
97.8%
Elrond's homeRivendell
94.5%
The fellowship uses this route to bypass the Misty MountainsMines of Moria
91.6%
The realm of SauronMordor
90%
Theoden's realmRohan
89.6%
Village the Prancing Pony is inBree
87.7%
Eomer meets the companions traveling herePlains of Rohan
86.4%
Aragorn is crowned king of this realmGondor
86.4%
Treebeard's homeFangorn
85.9%
Gandalf the White first appears to the companyFangorn
85.9%
Frodo was stabbed hereWeathertop
83.8%
Bilbo's homeBag End
83%
Gandalf and Pippin meet Denethor hereMinas Tirith
82.8%
Lady Galadriel's homeLothlorien
81.3%
The ancient fortress of the RohirrimHelm's Deep
81.2%
The Uruk-Hai try to take Merry and Pippin hereIsengard
77.8%
Faramir and the men of Gondor are overrun hereOsgiliath
75.8%
Legolas' homeMirkwood
74.2%
Aragorn seeks help from a cursed people herePaths of the Dead
74.2%
Gollum leads Frodo and Sam to this boglandDead Marshes
73.2%
Hint Location % Correct
Fortress of the NazgulMinas Morgul
72.6%
Theoden's homeEdoras
68%
Gollum tricks Frodo into going hereShelob's lair
66.7%
Eowyn kills the Witch King herePelennor fields
64.2%
Gollum leads Frodo and Sam here after the bogBlack Gate
62%
Gandalf fights a Balrog hereBridge of Khazad-Dum
61.7%
Orcs take Frodo hereCirith Ungol
61.2%
Separates Rivendell from the WestThe Misty Mountains
60%
Boromir dies hereAmon Hen
56.4%
They encounter a cave troll hereBalin's tomb
54.9%
Tom Bombadil's homeOld Forest
53.5%
Saruman uses magic to block the fellowship hereCaradhras
51.2%
Gimli's homeLonely Mountain
44.3%
Frodo and Sam head here after leaving the othersEmyn Muil
43.8%
This obstruction forced the fellowship to abandon canoesFalls of Rauros
43.2%
The fellowship uses canoes hereGreat River
41.6%
Merry's homeBuckland
41%
Where the ring is destroyedMt Doom
36.5%
Aragorn's other ancestrial homeNumenor
32.6%
Faramir's hideoutHenneth Annun
9.4%

You're not logged in!

Compare scores with friends on all Sporcle quizzes.
OR
Log In

You Might Also Like...

Show Comments

Extras

Created Apr 7, 2010ReportNominate
Tags:earth, location, lord, middle, place, ring

Top Quizzes Today


Score Distribution

Your Account Isn't Verified!

In order to create a playlist on Sporcle, you need to verify the email address you used during registration. Go to your Sporcle Settings to finish the process.

Report this User

Report this user for behavior that violates our Community Guidelines.

Details: